O faroleiro e outros contos (Registo nº 1655)

Detalhes MARC
000 -Etiqueta do registo
campo de controlo de comprimento fixo 008230000a22002290004500
001 - Identificador do registo
Campo de controlo 1655
100 ## - Dados Gerais de Proc.
Dados gerais de processamento 20010802d1971 m y0pory5003 ba
101 0# - Língua da publicação
Língua do texto, banda sonora, etc. Português
102 ## - País de Publicação
País de publicação Brasil
200 1# - Título
Título próprio O faroleiro e outros contos
Primeira menção de responsabilidade Henryk Sienkiewicz
Outras menções de responsabilidade trad. Lúcia Benedetti
-- il. Géza Heller
210 ## - Publicação, Distribuição
Lugar da edição, distribuição, etc. Rio de Janeiro
Nome do editor, distribuidor, etc. Opera Mundi
Data da publicação, distribuição, etc. 1971
215 ## - Descrição física
Descrição física 244, [1] p.
Outras indicações físicas il
225 2# - Colecção
Título próprio da colecção Biblioteca dos prémios Nobel de literatura
Indicação de volume 6
300 ## - Notas gerais
Texto da nota Prémio Nobel de 1905
304 ## - Título e responsabilidade
Texto da nota Tít. orig.: Latarnik; Janko Muzykant; Bartek Zwyciezca; Sachem; PóJdzmy za nim!
675 ## - CDU
Notação 821.162.1-34
Edição BN
Língua da edição Português
700 #1 - Responsabilidade principal
Palavra de ordem Sienkiewicz
Outra parte do nome Henryk
702 #1 - Responsabilidade secundária
Koha Internal Code 9572
Código de função Tradutor
Palavra de ordem Benedetti
Outra parte do nome Lúcia
702 ## - Responsabilidade secundária
Koha Internal Code 24161
Código de função Ilustrador
Palavra de ordem Heller
Outra parte do nome Géza
090 ## - Números de controlo do sistema (Koha)
Número biblioitem do Koha (gerado automaticamente) 1655
942 ## - Elementos de entrada adicionados (Koha)
Tipo de item no Koha Monografias
Suprimido Disponível no OPAC
999 ## - Campo local
Campo local 1655
-- Bibliobase - BMTAV
-- 2019-01-21
Exemplares
Perdido (estado) Data de aquisição Origem do registo (biblioteca) (codificado) Código da organização que empresta ou é detentora (biblioteca) Código de barras Local Fundo / Espólio Número de inventário Cota Tipo de circulação (não pode ser emprestado) Tipo de item e material
Disponível 2001-08-02 Biblioteca Municipal Álvaro de Campos Biblioteca Municipal Álvaro de Campos BMTAV10505 Depósito Martiniano Pereira dos Santos 10505 R7 BIB-D Normal Monografias